Представление документа в формате RUSMARC

ПолеНазваниеЗначение
  Тип записи a
  Библиографический уровень m
001 Контрольный номер 46018b8e48fd4e21b791b837b7df51c2
005 Дата корректировки 20260701115626.3
010 Индекс ISBN __
a ISBN 978-5-17-151800-4
b Уточнения в пер.
9 Тираж 10000 экз.
100 Данные общей обработки __
a Данные общей обработки 20260701d2024 m y0rusy028902 ca
101 Язык документа 1_
a Язык текста rus
c Язык оригинала chi
102 Страна публикации __
a Страна публикации RU
105 Кодированные данные (монография) __
a Кодированные данные (монография) a z 000ay
181 Поле кодированных данных: вид содержания _0
a Код вида содержания (ISBD) i
182 Поле кодированных данных: тип средства _0
a Код типа средства (ISBD) n
200 Заглавие и сведения об ответственности 1_
a Заглавие Кн. 2
f Первые сведения об ответственности перевод с китайского Дианы Шоевой
g Последующие сведения об ответственности иллюстрации Софьи Довнар-Запольской (S.D.-Z Art)
203 Вид содержания и тип средства __
a Вид содержания Текст
c Тип средства непосредственный
210 Выходные данные 1_
d Дата издания 2024
215 Физическое описание __
a Объем 413, [1] с.
c Иллюстрации/тип воспроизводства цв. ил.
d Формат 21 см
333 Примечание о целевом назначении __
a Примечание о целевом назначении 18+. Запрещено для детей
461 Уровень набора _0
1 700 0
a Дянь Сань
f 1980-
1 2001
a Удушающая сладость, заиндевелый пепел
e роман : [в 2 книгах]
f Дянь Сянь
v Кн. 2
1 2101
a Москва
c АСТ
c Mainstream
d 2024
1 0019c111caa9fa44a74a91268be5ff188fd
1 203
a Текст
c непосредственный
1 2252
a Хиты Китая
i Фэнтези
606 Тематические рубрики __
2 Код системы nlr_sh
a Основная рубрика Художественная литература
606 Тематические рубрики __
2 Код системы nlr_sh
a Основная рубрика Литература Азии (произведения)
z Хронологическая подрубрика 21 в.
y Географическая подрубрика Китай
610 Ключевые слова 0_
a Ключевые слова зарубежная литература
610 Ключевые слова 0_
a Ключевые слова современная литература
610 Ключевые слова 0_
a Ключевые слова молодежная литература
610 Ключевые слова 0_
a Ключевые слова young adult
610 Ключевые слова 0_
a Ключевые слова романы
610 Ключевые слова 0_
a Ключевые слова фэнтези
610 Ключевые слова 0_
a Ключевые слова азиатское фэнтези
610 Ключевые слова 0_
a Ключевые слова романтическое фэнтези
610 Ключевые слова 0_
a Ключевые слова любовное фэнтези
686 Индексы других классификаций __
2 Код системы rubbks
a Классификационный индекс 84(5Кит)6-445
702 Вторичная интеллектуальная ответственность _1
a Фамилия Фокина
b Имя Е.
g Полное личное имя Екатерина
4 Код отношения 730
702 Вторичная интеллектуальная ответственность _1
a Фамилия Довнар-Запольская
b Имя С.
c Титул (звания) S.D-Z Art
g Полное личное имя Софья
4 Код отношения 440
790 Имя лица - альтернативная форма _0
a Имя лица - альтернативная форма S.D-Z Art
c Титул (звания) Довнар-Запольская, Софья
4 Код отношения 440
801 Источник записи _0
a Страна RU
b Организация Муниципальное бюджетное учреждение культуры "Централизованная библиотечная система" г. Сургут (Центральная городская библиотека им. А. С. Пушкина)
c Дата составления 20260701
g Правила каталогизации PSBO
801 Источник записи _1
a Страна RU
b Организация Муниципальное бюджетное учреждение культуры "Централизованная библиотечная система" г. Сургут (Центральная городская библиотека им. А. С. Пушкина)
c Дата составления 20260701
g Правила каталогизации PSBO
852 Данные о местонахождении __
i Авторский знак Д 99
j Шифр хранения 84(5Кит)6-445
901 Тип документа __
t Тип документа n
w Контрольный № источника 9c111caa9fa44a74a91268be5ff188fd
a Ответственный КиК/Обаева
901 Тип документа __
a Ответственный без партии
903 Характеристики (МАРС) __
c Наименование библиотеки (МАРС) Муниципальное бюджетное учреждение культуры "Централизованная библиотечная система" г. Сургут (Центральная городская библиотека им. А. С. Пушкина)
a Дата передачи 20260701
969 Тип издания __
a Тип издания молодежное издание